[Event "Online Olym Top DivC 2020"]
[Site "chess.com INT"]
[Date "2020.08.23"]
[Round "7.3"]
[Board "1"]
[White "Miron, Lucian-Costin"]
[Black "Tissir, Mohamed"]
[Result "0-1"]
[WhiteTitle "GM"]
[BlackTitle "IM"]
[WhiteElo "2507"]
[BlackElo "2379"]
[WhiteTeam "Romania"]
[BlackTeam "Morocco"]
[WhiteFideId "1210920"]
[BlackFideId "9000240"]
[EventDate "2020.08.21"]
[EventType "team"]

1. e4 c5 2. Nf3 d6 3. Bb5+ Nd7 4. a4 Nf6 5. Nc3 e6 6. a5 a6 7. Be2 Be7 8. O-O
O-O 9. d4 cxd4 10. Nxd4 Qc7 11. Be3 b5 12. axb6 Nxb6 13. Nb3 Bb7 14. Qd4 Nbd7
15. Na5 Rfd8 16. Nxb7 Qxb7 17. b3 Rdc8 18. Ra2 Qc6 19. Bd2 Nc5 20. Bf3 e5 21.
Qe3 Bf8 22. Rfa1 Qb7 23. g3 Ne6 24. Ne2 Rc6 25. b4 Rac8 26. c3 h6 27. Nc1 Nc7
28. Nb3 Qb8 29. Na5 Rb6 30. Qe2 Nb5 31. Qe3 Qc7 32. Rc1 Qb8 33. h4 d5 34. exd5
e4 35. Be2 Nxd5 36. Qxe4 Ndxc3 37. Bxc3 Nxc3 38. Qg4 Nxe2+ 39. Qxe2 Rxc1+ 0-1

[Event "Online Olym Top DivC 2020"]
[Site "chess.com INT"]
[Date "2020.08.23"]
[Round "7.3"]
[Board "2"]
[White "Zrikem, Nassim"]
[Black "Gavrilescu, David"]
[Result "0-1"]
[WhiteTitle "FM"]
[BlackTitle "IM"]
[WhiteElo "1942"]
[BlackElo "2476"]
[WhiteTeam "Morocco"]
[BlackTeam "Romania"]
[WhiteFideId "9002693"]
[BlackFideId "1227190"]
[EventDate "2020.08.21"]
[EventType "team"]

1. d4 d5 2. Nf3 Nf6 3. e3 Bf5 4. c4 e6 5. Qb3 Nc6 6. cxd5 Nb4 7. Na3 exd5 8. Bd2
a5 9. Be2 Ne4 10. O-O Nxd2 11. Nxd2 Be7 12. Nb5 c6 13. Nc3 Bc2 14. Qa3 Nd3 0-1

[Event "Online Olym Top DivC 2020"]
[Site "chess.com INT"]
[Date "2020.08.23"]
[Round "7.3"]
[Board "3"]
[White "Cosma, Elena-Luminita"]
[Black "Alaoui Belghiti, Chaimaa"]
[Result "1-0"]
[WhiteTitle "WGM"]
[BlackTitle "WFM"]
[WhiteElo "2311"]
[BlackElo "1703"]
[WhiteTeam "Romania"]
[BlackTeam "Morocco"]
[WhiteFideId "1201590"]
[BlackFideId "9002375"]
[EventDate "2020.08.21"]
[EventType "team"]

1. d4 Nf6 2. Nf3 e6 3. g3 d5 4. Bg2 Bd6 5. c4 c6 6. O-O O-O 7. Nc3 Nbd7 8. Nd2
h6 9. e4 dxe4 10. Ndxe4 Bc7 11. b3 Nb6 12. Ba3 Re8 13. Nxf6+ Qxf6 14. Ne4 Qd8
15. Bb2 e5 16. dxe5 Qxd1 17. Rfxd1 Bxe5 18. Bxe5 Rxe5 19. Rd8+ Kh7 20. Nd6 1-0

[Event "Online Olym Top DivC 2020"]
[Site "chess.com INT"]
[Date "2020.08.23"]
[Round "7.3"]
[Board "4"]
[White "Aattar, Ikram"]
[Black "Sandu, Mihaela"]
[Result "0-1"]
[BlackTitle "WGM"]
[WhiteElo "1407"]
[BlackElo "2268"]
[WhiteTeam "Morocco"]
[BlackTeam "Romania"]
[WhiteFideId "9003002"]
[BlackFideId "1204327"]
[EventDate "2020.08.21"]
[EventType "team"]

1. e4 c5 2. Nf3 d6 3. Bc4 Nf6 4. Nc3 Nc6 5. O-O e6 6. a3 Be7 7. Ba2 O-O 8. d3 a6
9. h3 b5 10. b4 cxb4 11. axb4 Nxb4 12. Rb1 Nxa2 13. Nxa2 e5 14. c3 Qc7 15. Bg5
Be6 16. Bxf6 Bxf6 17. c4 bxc4 18. dxc4 Qxc4 19. Ra1 Qxe4 20. Qxd6 Rfd8 21. Qc7
Rac8 22. Qa5 Bxh3 23. Qb4 Rd4 24. Rfe1 Qg4 25. g3 Qxf3 26. Qb7 Qxb7 0-1

[Event "Online Olym Top DivC 2020"]
[Site "chess.com INT"]
[Date "2020.08.23"]
[Round "7.3"]
[Board "5"]
[White "Costachi, Mihnea"]
[Black "Ghanoui, Nidal"]
[Result "1-0"]
[WhiteTitle "IM"]
[WhiteElo "2471"]
[BlackElo "1919"]
[WhiteTeam "Romania"]
[BlackTeam "Morocco"]
[WhiteFideId "1217518"]
[BlackFideId "9003231"]
[EventDate "2020.08.21"]
[EventType "team"]

1. d4 Nf6 2. c4 e6 3. Nf3 d5 4. Nc3 Nbd7 5. Bg5 Be7 6. e3 c6 7. cxd5 exd5 8. Bd3
h6 9. Bh4 Ne4 10. Bxe7 Qxe7 11. Qc2 f5 12. O-O O-O 13. Rab1 a5 14. a3 g5 15. b4
axb4 16. axb4 g4 17. Nd2 Ndf6 18. Ne2 Be6 19. Nf4 Bf7 20. Nb3 Ra3 21. b5 Rc8 22.
Rfc1 Be8 23. Qe2 Rca8 24. bxc6 Bxc6 25. Rb2 Qd6 26. Nc5 Ra1 27. Rc2 Rxc1+ 28.
Rxc1 b6 29. Na6 Bb7 30. f3 Qa3 31. Qe1 Bxa6 32. Ra1 Qc3 33. Qxc3 Nxc3 34. Rxa6
Rxa6 35. Bxa6 b5 36. Bc8 Nd1 37. Bxf5 Nxe3 38. fxg4 Nxf5 39. gxf5 Ne4 40. Nxd5
Kf7 41. Kf1 Nd2+ 42. Ke2 Nb3 43. Kd3 Nc1+ 44. Kd2 Nb3+ 45. Kc3 Nc1 46. Kb4 Ne2
47. Kc5 h5 48. g3 Kg7 49. Nf4 Nc3 50. Nxh5+ Kf7 51. g4 1-0

[Event "Online Olym Top DivC 2020"]
[Site "chess.com INT"]
[Date "2020.08.23"]
[Round "7.3"]
[Board "6"]
[White "Makhlouf, Ahlam"]
[Black "Bucur, Denisa-Andreea"]
[Result "0-1"]
[WhiteTitle "WFM"]
[WhiteElo "1419"]
[BlackElo "2063"]
[WhiteTeam "Morocco"]
[BlackTeam "Romania"]
[WhiteFideId "9003380"]
[BlackFideId "1238019"]
[EventDate "2020.08.21"]
[EventType "team"]

1. e4 c5 2. Nf3 e6 3. d4 cxd4 4. Nxd4 a6 5. Nc3 Qc7 6. Be3 Nf6 7. Be2 Bb4 8. Qd3
Nxe4 9. Bd2 Nxd2 10. Qxd2 O-O 11. O-O d5 12. Rfd1 Nc6 13. Nxc6 Bxc3 14. Qxc3
Qxc6 15. Rd3 Qxc3 16. Rxc3 Bd7 17. h4 Rfc8 18. Rxc8+ Rxc8 19. Bd3 e5 20. f3 f5
21. c3 Kf7 22. Rd1 Kf6 23. Kf2 Ba4 24. b3 Bc6 25. Ke3 f4+ 26. Kf2 e4 27. Be2 e3+
28. Ke1 h6 29. c4 Ke5 30. Bd3 g5 31. h5 d4 32. Bg6 Bd7 33. Ke2 Rd8 34. Be4 Be8
35. Bxb7 a5 36. Be4 Bxh5 37. Rh1 Bf7 38. Rxh6 a4 39. Rb6 axb3 40. axb3 Rh8 41.
Rb5+ Kf6 42. Rf5+ Ke7 43. Rxg5 Be6 44. Bd5 Kf6 45. Bxe6 Kxg5 46. Kd3 Re8 47. Bd5
e2 48. Kxd4 e1=Q 49. Kc5 Qe3+ 50. Kc6 Qxb3 0-1

[Event "Online Olym Top DivC 2020"]
[Site "chess.com INT"]
[Date "2020.08.23"]
[Round "7.4"]
[Board "1"]
[White "Stoyanov, Tsvetan"]
[Black "Nassr, Ali"]
[Result "1-0"]
[WhiteTitle "FM"]
[BlackTitle "IM"]
[WhiteElo "2387"]
[BlackElo "2232"]
[WhiteTeam "Bulgaria"]
[BlackTeam "Algeria"]
[WhiteFideId "2917173"]
[BlackFideId "7900520"]
[EventDate "2020.08.21"]
[EventType "team"]

1. e4 c5 2. Nf3 e6 3. d4 cxd4 4. Nxd4 Nf6 5. Nc3 Nc6 6. Ndb5 Bc5 7. Bf4 O-O 8.
Bc7 Qe7 9. Bd6 Bxd6 10. Qxd6 Ne8 11. Qxe7 Nxe7 12. O-O-O a6 13. Nd6 Nxd6 14.
Rxd6 f5 15. Be2 b5 16. Bf3 Ra7 17. Rhd1 Rc7 18. R1d2 f4 19. a4 b4 20. Ne2 Ng6
21. Nd4 Ne5 22. Be2 a5 23. f3 Bb7 24. Rb6 Ra8 25. Nb5 Rac8 26. Nxc7 Rxc7 27. Rb5
Nc6 28. Rc5 1-0

[Event "Online Olym Top DivC 2020"]
[Site "chess.com INT"]
[Date "2020.08.23"]
[Round "7.4"]
[Board "2"]
[White "Achour, Mohamed Anis"]
[Black "Petkov, Momchil"]
[Result "0-1"]
[BlackTitle "FM"]
[WhiteElo "2006"]
[BlackElo "2315"]
[WhiteTeam "Algeria"]
[BlackTeam "Bulgaria"]
[WhiteFideId "7904649"]
[BlackFideId "2921642"]
[EventDate "2020.08.21"]
[EventType "team"]

1. d4 Nf6 2. c4 e6 3. Nc3 Bb4 4. Qc2 d5 5. cxd5 exd5 6. Bf4 c5 7. dxc5 Nc6 8. e3
Qa5 9. Bd3 O-O 10. Ne2 Bxc5 11. O-O Nb4 12. Qd2 Nxd3 13. Qxd3 Bg4 14. a3 Be7 15.
b4 Qb6 16. Nd4 Rac8 17. Na4 Qd8 18. Nf5 Bxf5 19. Qxf5 b5 20. Nb2 g6 21. Qd3 Qd7
22. Rac1 Rfd8 23. Rfd1 a6 24. Qb3 Qf5 25. Nd3 Ne4 26. f3 Nf6 27. Ne5 Qe6 28. Bg3
h5 29. Kh1 h4 30. Rxc8 Rxc8 31. Bf4 g5 32. Bxg5 Qxe5 33. Bxh4 Rc3 34. Qb2 Rd3
35. Qc2 Rxd1+ 36. Qxd1 Qxe3 37. h3 d4 38. Be1 d3 39. Bd2 Qe2 40. Qc1 Bf8 41. Bc3
Bg7 42. Qg5 Ne8 43. Bd2 Qe5 44. Qg4 Nd6 45. h4 Nf5 46. Bf4 Qe1+ 47. Kh2 Qxh4+
48. Qxh4 Nxh4 49. Bd2 Nf5 50. Kg1 Nd4 51. Kf2 Nb3 52. Ke3 Nxd2 0-1

[Event "Online Olym Top DivC 2020"]
[Site "chess.com INT"]
[Date "2020.08.23"]
[Round "7.4"]
[Board "3"]
[White "Nikolova, Adriana"]
[Black "Abdelaziz, Tinhinane"]
[Result "1-0"]
[WhiteTitle "WGM"]
[WhiteElo "2247"]
[BlackElo "1416"]
[WhiteTeam "Bulgaria"]
[BlackTeam "Algeria"]
[WhiteFideId "2908689"]
[BlackFideId "7912170"]
[EventDate "2020.08.21"]
[EventType "team"]

1. e4 c5 2. Nf3 Nc6 3. c3 d5 4. exd5 Qxd5 5. d4 cxd4 6. cxd4 e6 7. Bd3 Nf6 8.
O-O Be7 9. Nc3 Qd8 10. a3 O-O 11. Bc2 h6 12. Qd3 a6 13. Rd1 Qc7 14. Be3 Rd8 15.
Rac1 b5 16. Bb1 Bb7 17. Ne4 Qd7 18. Nxf6+ Bxf6 19. d5 Ne7 20. Qh7+ Kf8 21. Qh8+ 1-0

[Event "Online Olym Top DivC 2020"]
[Site "chess.com INT"]
[Date "2020.08.23"]
[Round "7.4"]
[Board "4"]
[White "Belattar, Ines"]
[Black "Antova, Gabriela"]
[Result "0-1"]
[BlackTitle "FM"]
[WhiteElo "1729"]
[BlackElo "2238"]
[WhiteTeam "Algeria"]
[BlackTeam "Bulgaria"]
[WhiteFideId "7910282"]
[BlackFideId "2915235"]
[EventDate "2020.08.21"]
[EventType "team"]

1. d4 Nf6 2. c4 c5 3. d5 e6 4. Nc3 exd5 5. cxd5 d6 6. e4 g6 7. Nge2 Bg7 8. Ng3
a6 9. a4 Nbd7 10. Be2 h5 11. h4 Ne5 12. a5 Rb8 13. Na4 Qxa5+ 14. Bd2 Qc7 15. b4
c4 16. O-O O-O 17. Rc1 b5 18. Nb2 Nfg4 19. Nd3 Nxd3 20. Bxd3 Qe7 21. Be2 Qxh4
22. Bxg4 Bxg4 23. Qe1 Rfe8 24. f3 Bd7 25. Ne2 Qe7 26. Bf4 Be5 27. Qg3 Ra8 28.
Ra1 a5 29. Ra2 axb4 30. Rxa8 Rxa8 31. Rb1 b3 32. Qf2 Ra2 33. Qe3 Rxe2 34. Qxe2
Bxf4 35. Ra1 Qh4 36. Ra8+ Kg7 37. Qb2+ Be5 38. Qe2 b2 0-1

[Event "Online Olym Top DivC 2020"]
[Site "chess.com INT"]
[Date "2020.08.23"]
[Round "7.4"]
[Board "5"]
[White "Petrov, Martin"]
[Black "Brahami, Lamine"]
[Result "1-0"]
[WhiteTitle "IM"]
[BlackTitle "FM"]
[WhiteElo "2525"]
[BlackElo "2194"]
[WhiteTeam "Bulgaria"]
[BlackTeam "Algeria"]
[WhiteFideId "2911086"]
[BlackFideId "7905637"]
[EventDate "2020.08.21"]
[EventType "team"]

1. e4 c5 2. Nf3 d6 3. d4 cxd4 4. Nxd4 Nf6 5. Nc3 a6 6. Be3 e5 7. Nb3 Be7 8. f3
Be6 9. Qd2 Nbd7 10. g4 b5 11. g5 Nh5 12. O-O-O Nb6 13. Nd5 Bxd5 14. exd5 Rc8 15.
Na5 Nxd5 16. Qxd5 Qxa5 17. Bh3 Rc4 18. Qa8+ Qd8 19. Qxa6 O-O 20. Qxb5 Qc7 21.
Bb6 Rxc2+ 22. Kb1 Qc6 23. Bd7 Qxb5 24. Bxb5 Rg2 25. a4 Nf4 26. a5 Bxg5 27. a6
Bf6 28. Rhg1 Rxh2 29. Rxd6 Kh8 30. a7 e4 31. Rxf6 gxf6 32. Bd4 h5 33. Bc6 exf3
34. Bxf3 Rh3 35. Bxf6+ Kh7 36. a8=Q Rxa8 37. Bxa8 Ng6 38. Bd5 h4 39. Bxf7 Rg3
40. Rxg3 hxg3 41. Bxg6+ Kxg6 42. Bd4 Kf5 43. Kc2 Ke4 44. Kc3 g2 45. b4 Kf3 46.
b5 1-0

[Event "Online Olym Top DivC 2020"]
[Site "chess.com INT"]
[Date "2020.08.23"]
[Round "7.5"]
[Board "1"]
[White "Solak, Dragan"]
[Black "Bosiocic, Marin"]
[Result "0-1"]
[WhiteTitle "GM"]
[BlackTitle "GM"]
[WhiteElo "2594"]
[BlackElo "2606"]
[WhiteTeam "Turkey"]
[BlackTeam "Croatia"]
[WhiteFideId "916811"]
[BlackFideId "14507927"]
[EventDate "2020.08.21"]
[EventType "team"]

1. e4 d6 2. d4 Nf6 3. Nc3 e5 4. dxe5 dxe5 5. Qxd8+ Kxd8 6. Bc4 Ke8 7. f4 Nc6 8.
Nf3 Bd6 9. g3 a6 10. Be3 Bg4 11. O-O Bxf3 12. Rxf3 Ng4 13. Bd2 Nd4 14. Rd3 Nxc2
15. Rf1 Bc5+ 16. Kg2 Nce3+ 17. Bxe3 Nxe3+ 18. Rxe3 Bxe3 19. fxe5 Rf8 20. Nd5 Bb6
21. Bb3 Ba5 22. Rc1 c6 23. Nf4 g6 24. e6 f6 25. Nd3 Bb6 26. Ne1 Rd8 27. Nf3 Ke7
28. h4 h5 29. Rc4 a5 30. Rc3 Bd4 31. Rc2 Be5 32. Bc4 Rd1 33. a4 Rfd8 34. b3 Bc7
35. Rf2 Bb6 36. Re2 Rb1 37. e5 f5 38. Ng5 Rg1+ 39. Kh2 Rdd1 40. Nf3 Rh1+ 41. Kg2
Ra1 42. Rc2 Rhd1 43. Be2 Rd8 44. Bc4 Be3 45. Re2 Bh6 46. Rc2 Rb1 47. Re2 Bc1 48.
Re1 Rb2+ 49. Kh3 Bh6 50. Rf1 Rc2 51. Ne1 Rc1 52. Kg2 Rd2+ 53. Kf3 Rc3+ 0-1

[Event "Online Olym Top DivC 2020"]
[Site "chess.com INT"]
[Date "2020.08.23"]
[Round "7.5"]
[Board "2"]
[White "Brkic, Ante"]
[Black "Sanal, Vahap"]
[Result "1-0"]
[WhiteTitle "GM"]
[BlackTitle "GM"]
[WhiteElo "2594"]
[BlackElo "2581"]
[WhiteTeam "Croatia"]
[BlackTeam "Turkey"]
[WhiteFideId "14506688"]
[BlackFideId "6300545"]
[EventDate "2020.08.21"]
[EventType "team"]

1. e4 d6 2. d4 Nf6 3. Nc3 e5 4. Nf3 Nbd7 5. Bc4 Be7 6. a4 O-O 7. O-O c6 8. h3 h6
9. Re1 Re8 10. a5 Rb8 11. Be3 b5 12. axb6 axb6 13. d5 b5 14. dxc6 bxc4 15. Ra7
Bb7 16. Rxb7 Rxb7 17. cxb7 Qc7 18. Qe2 Qxb7 19. Qxc4 Qxb2 20. Rb1 Qa3 21. Rb7
Qa8 22. Rc7 Nf8 23. Nh4 Ne6 24. Ra7 Qc8 25. Qb3 Nd4 26. Bxd4 exd4 27. Nf5 Qxc3
28. Nxe7+ Kh7 29. Qxf7 Qe1+ 30. Kh2 Qxf2 31. Nd5 1-0

[Event "Online Olym Top DivC 2020"]
[Site "chess.com INT"]
[Date "2020.08.23"]
[Round "7.5"]
[Board "3"]
[White "Atalik, Ekaterina"]
[Black "Franciskovic, Borka"]
[Result "1/2-1/2"]
[WhiteTitle "IM"]
[BlackTitle "WIM"]
[WhiteElo "2450"]
[BlackElo "2250"]
[WhiteTeam "Turkey"]
[BlackTeam "Croatia"]
[WhiteFideId "4130189"]
[BlackFideId "14507943"]
[EventDate "2020.08.21"]
[EventType "team"]

1. d4 Nf6 2. Nf3 e6 3. g3 c5 4. Bg2 cxd4 5. Nxd4 Nc6 6. O-O Qb6 7. Nb3 d5 8.
N1d2 Be7 9. c4 O-O 10. cxd5 Nxd5 11. e4 Nf6 12. Qe2 e5 13. Nf3 Be6 14. Be3 Qb4
15. Nfd2 Nd4 16. Bxd4 exd4 17. Rfc1 Rac8 18. Qd3 Rfd8 19. Rxc8 Rxc8 20. Qxd4 Rd8
21. Qxb4 Bxb4 22. Nf3 Nxe4 23. Nfd4 Bxb3 24. Nxb3 Nc5 25. Rc1 Nxb3 26. axb3 b6
27. Rc7 a5 28. Bf1 g6 29. Bc4 Rf8 30. Kg2 Kg7 31. f4 h5 32. h3 Bc5 33. g4 hxg4
34. hxg4 Bd6 35. Rb7 Bxf4 36. Rxb6 Bd2 37. Rb7 Kf6 38. Kf3 Bb4 39. Rb5 Re8 40.
g5+ Kg7 41. Rb7 Re7 42. Rxe7 Bxe7 1/2-1/2

[Event "Online Olym Top DivC 2020"]
[Site "chess.com INT"]
[Date "2020.08.23"]
[Round "7.5"]
[Board "4"]
[White "Medic, Mirjana"]
[Black "Yildiz Kadioglu, Betul Cemre"]
[Result "0-1"]
[WhiteTitle "WGM"]
[BlackTitle "WGM"]
[WhiteElo "2207"]
[BlackElo "2362"]
[WhiteTeam "Croatia"]
[BlackTeam "Turkey"]
[WhiteFideId "14501619"]
[BlackFideId "6302920"]
[EventDate "2020.08.21"]
[EventType "team"]

1. d4 d5 2. Nf3 c5 3. e3 Nf6 4. b3 Nc6 5. Bb2 Bg4 6. Be2 e6 7. Nbd2 Be7 8. O-O
O-O 9. c4 cxd4 10. exd4 Rc8 11. Rc1 Qa5 12. a3 Bxf3 13. Nxf3 dxc4 14. Bxc4 Rfd8
15. b4 Qh5 16. Qe2 Nd5 17. Qe4 Bf6 18. Ne5 Nce7 19. Be2 Qf5 20. Qxf5 Nxf5 21.
Bf3 Bg5 22. Rxc8 Rxc8 23. Be4 Nd6 24. Bb1 Nc3 25. Bd3 Na4 26. Ba1 Bd2 27. Nf3
Bc3 28. h3 Bxa1 29. Rxa1 Rc3 30. Bf1 Nc4 31. Bxc4 Rxc4 32. Kf1 Rc2 33. Ne1 Rc4
34. Nf3 Nb6 35. Ke2 Rc2+ 36. Kf1 Nd5 37. g3 f6 38. Ne1 Rc4 39. Rd1 Kf7 40. Nf3
Rc3 41. Ne1 Rxa3 42. Rb1 a6 43. Rb2 Ra1 44. Ke2 Ke7 45. Nd3 Nc3+ 46. Kd2 Nb5 47.
Ke3 Ra3 48. Ke4 Nd6+ 0-1

[Event "Online Olym Top DivC 2020"]
[Site "chess.com INT"]
[Date "2020.08.23"]
[Round "7.5"]
[Board "5"]
[White "Gokerkan, Cem Kaan"]
[Black "Livaic, Leon"]
[Result "1/2-1/2"]
[WhiteTitle "IM"]
[BlackTitle "IM"]
[WhiteElo "2461"]
[BlackElo "2507"]
[WhiteTeam "Turkey"]
[BlackTeam "Croatia"]
[WhiteFideId "6336760"]
[BlackFideId "14531534"]
[EventDate "2020.08.21"]
[EventType "team"]

1. e4 e5 2. Nf3 d6 3. d4 exd4 4. Nxd4 Nf6 5. Nc3 Be7 6. g3 O-O 7. Bg2 c6 8. O-O
Na6 9. h3 Nc5 10. Re1 a5 11. Bf4 Re8 12. Qd2 Bf8 13. Rad1 a4 14. a3 h6 15. g4
Qb6 16. Qc1 Bd7 17. Bg3 Rad8 18. Bh4 Be7 19. Nf5 Bxf5 20. exf5 Qc7 21. Qf4 Qa5
22. Rxe7 Rxe7 23. Bxf6 gxf6 24. Qxh6 Nd7 25. Rd3 Re1+ 26. Kh2 Qc5 27. g5 Qxf2
28. gxf6 Qg1+ 29. Kg3 Nxf6 30. Qg5+ Kh7 31. Qh4+ Kg7 32. Qg5+ Kh7 33. Qh4+ Kg7
34. Qg5+ Kh7 1/2-1/2

[Event "Online Olym Top DivC 2020"]
[Site "chess.com INT"]
[Date "2020.08.23"]
[Round "7.5"]
[Board "6"]
[White "Cvitan, Ena"]
[Black "Ozbay, Ece"]
[Result "1-0"]
[WhiteTitle "FM"]
[BlackTitle "WFM"]
[WhiteElo "2242"]
[BlackElo "2027"]
[WhiteTeam "Croatia"]
[BlackTeam "Turkey"]
[WhiteFideId "14534215"]
[BlackFideId "6351743"]
[EventDate "2020.08.21"]
[EventType "team"]

1. d4 d5 2. c4 c6 3. cxd5 cxd5 4. Nc3 Nf6 5. Nf3 Nc6 6. Bf4 Ne4 7. e3 Nxc3 8.
bxc3 e6 9. Bd3 Bd6 10. Bg3 O-O 11. Qe2 b6 12. e4 g6 13. e5 Be7 14. h4 Qc7 15.
Rc1 Nb4 16. Bb1 Ba6 17. Qe3 Rac8 18. h5 Qc4 19. Nd2 Nd3+ 20. Kf1 Qb5 21. c4 Rxc4
22. Rxc4 dxc4 23. Bxd3 cxd3 24. Qh6 Bg5 25. Qxg5 Qb2 26. f3 Qa1+ 27. Be1 Qxd4
28. h6 f6 29. exf6 Rxf6 30. Rh4 Qb2 31. Rf4 Rxf4 32. Qxf4 Qc3 33. Qb8+ Qc8 34.
Qxa7 Qb7 35. Qxb7 Bxb7 36. Kf2 Bd5 37. a3 Kf7 38. Ke3 Kf6 39. Ne4+ Kf7 40. Kxd3
Bc6 41. Kd4 Bd5 42. Ke5 Ke7 43. Ng5 Kd7 44. Nxh7 1-0

[Event "Online Olym Top DivC 2020"]
[Site "chess.com INT"]
[Date "2020.08.23"]
[Round "8.1"]
[Board "1"]
[White "Amin, Bassem"]
[Black "Bosiocic, Marin"]
[Result "0-1"]
[WhiteTitle "GM"]
[BlackTitle "GM"]
[WhiteElo "2686"]
[BlackElo "2606"]
[WhiteTeam "Egypt"]
[BlackTeam "Croatia"]
[WhiteFideId "10601457"]
[BlackFideId "14507927"]
[EventDate "2020.08.21"]
[EventType "team"]

1. Nf3 d6 2. g3 e5 3. Bg2 f5 4. c4 Nf6 5. Nc3 Be7 6. O-O O-O 7. d3 c6 8. b4 Qe8
9. b5 Qh5 10. bxc6 Nxc6 11. e3 f4 12. Nd2 f3 13. Nxf3 Bg4 14. h3 Bxh3 15. Bxh3
Qxh3 16. Ng5 Qf5 17. Nge4 Nxe4 18. Nxe4 Qh3 19. f3 Kh8 20. Rf2 Rad8 21. Rb1 Rd7
22. Qf1 Qe6 23. Nc3 Bd8 24. f4 Rdf7 25. Qg2 exf4 26. gxf4 Ne5 27. Qe4 Qh3 28.
Rxb7 Bh4 29. Rxf7 Bxf2+ 30. Kxf2 Nxf7 31. Qg2 Qh5 32. Bb2 Ne5 33. Kg1 Nxd3 34.
Ba3 Ne1 35. Qg3 Rf6 36. Qxe1 Rg6+ 37. Kf1 Qh1+ 38. Ke2 Rg2+ 39. Kd1 Rg1 40. Qxg1
Qxg1+ 41. Kd2 Qg2+ 42. Kd3 Qf1+ 43. Kd4 Qe1 44. Ne4 Qd1+ 45. Kc3 d5 0-1

[Event "Online Olym Top DivC 2020"]
[Site "chess.com INT"]
[Date "2020.08.23"]
[Round "8.1"]
[Board "2"]
[White "Brkic, Ante"]
[Black "Adly, Ahmed"]
[Result "0-1"]
[WhiteTitle "GM"]
[BlackTitle "GM"]
[WhiteElo "2594"]
[BlackElo "2615"]
[WhiteTeam "Croatia"]
[BlackTeam "Egypt"]
[WhiteFideId "14506688"]
[BlackFideId "10601619"]
[EventDate "2020.08.21"]
[EventType "team"]

1. e4 c5 2. Nf3 Nf6 3. e5 Nd5 4. Nc3 Nxc3 5. dxc3 Nc6 6. Bf4 e6 7. Qd2 h6 8. h4
Qc7 9. h5 b6 10. Bd3 Bb7 11. Be4 Ne7 12. Bxb7 Qxb7 13. O-O-O b5 14. Qe2 Nd5 15.
Qe4 Rb8 16. Rd2 Qa6 17. Rxd5 exd5 18. Qxd5 Qe6 19. Rd1 Be7 20. Be3 Rc8 21. Qb7
Qc6 22. Qxc6 dxc6 23. Nd2 Rd8 24. Re1 c4 25. Ne4 Kd7 26. f4 g6 27. g4 gxh5 28.
gxh5 Ke6 29. Ng3 Rhg8 30. f5+ Kd7 31. Ne4 Rg4 32. Bxa7 Ra8 33. Bd4 Rxa2 34. Kb1
Ra8 35. e6+ fxe6 36. f6 Bf8 37. Nc5+ Bxc5 38. Bxc5 Rf4 39. Be7 Rf5 40. Rd1+ Ke8
41. Rg1 Rg5 42. f7+ Kxe7 0-1

[Event "Online Olym Top DivC 2020"]
[Site "chess.com INT"]
[Date "2020.08.23"]
[Round "8.1"]
[Board "3"]
[White "Wafa, Shahenda"]
[Black "Medic, Mirjana"]
[Result "0-1"]
[WhiteTitle "WGM"]
[BlackTitle "WGM"]
[WhiteElo "2140"]
[BlackElo "2207"]
[WhiteTeam "Egypt"]
[BlackTeam "Croatia"]
[WhiteFideId "10609962"]
[BlackFideId "14501619"]
[EventDate "2020.08.21"]
[EventType "team"]

1. e4 e6 2. d4 d5 3. Nc3 Nf6 4. Bg5 Bb4 5. Ne2 dxe4 6. a3 Be7 7. Bxf6 gxf6 8.
Nxe4 b6 9. Qd2 Bb7 10. N4g3 Nd7 11. O-O-O c6 12. Nh5 Bf8 13. Qf4 Qe7 14. Qc7 Rb8
15. Kb1 Qd6 16. Qxd6 Bxd6 17. c4 Ke7 18. Nc3 c5 19. d5 Ne5 20. dxe6 fxe6 21.
Nxf6 Kxf6 22. Rxd6 Rhd8 23. Rxd8 Rxd8 24. Kc2 Bc6 25. h3 Ng6 26. Rg1 h5 27. Bd3
Ne5 28. Be2 h4 29. g3 Rg8 30. f4 Nf7 31. g4 Nd6 32. Bd3 e5 33. fxe5+ Kxe5 34.
Re1+ Kf6 35. Rf1+ Ke6 36. b3 Rg5 37. Re1+ Re5 38. Rxe5+ Kxe5 39. g5 Bg2 40. g6
Kf6 41. Nd5+ Kg7 42. Nf4 Bc6 43. Kd2 Ne4+ 44. Ke3 Nf6 45. Bf5 Kh6 46. Ne6 Bd7
47. Ng7 Kxg7 48. Bxd7 Nxd7 49. Kf4 Kxg6 50. Kg4 Nf6+ 51. Kxh4 Ne4 52. Kg4 Nd2
53. b4 Nxc4 54. bxc5 bxc5 55. a4 a5 56. Kf4 Nb2 57. Ke4 Nxa4 58. Kd3 Nb6 0-1

[Event "Online Olym Top DivC 2020"]
[Site "chess.com INT"]
[Date "2020.08.23"]
[Round "8.1"]
[Board "4"]
[White "Ivekovic, Tihana"]
[Black "Mona, Khaled"]
[Result "1-0"]
[WhiteTitle "WFM"]
[BlackTitle "WGM"]
[WhiteElo "2127"]
[BlackElo "2127"]
[WhiteTeam "Croatia"]
[BlackTeam "Egypt"]
[WhiteFideId "14517825"]
[BlackFideId "10605908"]
[EventDate "2020.08.21"]
[EventType "team"]

1. d4 d5 2. c4 c6 3. Nf3 e6 4. e3 f5 5. Nc3 Nf6 6. Bd3 Bd6 7. O-O O-O 8. Ne5
dxc4 9. Bxc4 b5 10. Bb3 a5 11. a4 b4 12. Ne2 Nd5 13. Nf4 Qc7 14. Nfd3 Ba6 15. f4
Nd7 16. Rf2 N7f6 17. Rc2 Bb7 18. Bd2 Ne4 19. Rac1 Rac8 20. Nc4 Rfd8 21. Nxd6
Qxd6 22. Ne5 c5 23. Qh5 Qe7 24. Qe2 Ndf6 25. dxc5 Nxc5 26. Bc4 Be4 27. Be1 Bxc2
28. Qxc2 Nfe4 29. b3 Nd7 30. Qe2 Nd6 31. Nxd7 Qxd7 32. Bh4 Re8 33. Qd3 Rc7 34.
Rd1 Nxc4 35. Qxd7 Rxd7 36. Rxd7 Nxe3 37. Ra7 Rd8 38. Rxa5 Rd2 39. Ra8+ Kf7 40.
Ra7+ Kg6 41. g3 Kh5 42. Rxg7 Kh6 43. Re7 Rd6 44. Bg5+ Kg6 45. Kf2 Ng4+ 46. Ke2
Nxh2 47. Rb7 h6 48. Be7 Rc6 49. Bxb4 Ng4 50. Bd2 Nf6 51. b4 Ne4 52. a5 Nxg3+ 53.
Kd3 Ne4 54. Be3 h5 55. b5 Rc3+ 56. Kd4 Ra3 57. a6 h4 58. Rb8 Nd6 59. Bg1 Ra1 60.
a7 Rxa7 61. Ke5 Nf7+ 62. Kxe6 Ra1 63. Rg8+ Kh7 64. Kxf7 h3 65. Rg3 1-0